00629nam a2200181Ia 4500008004100000020001800041040001300059082001500072245011300087250001100200260005200211300004000263500005000303650003000353650002100383700001900404700002400423191130s2000##################000#0#eng## a9780792361565 aACLcACL a592.48 FRI aEchinostomes as experimental models for biological researchcedited by Bernard Fried and Thaddeus K. Graczyk a1st ed aDordrecht ; BostonbKluwer Academic Pressc2000 aix,273 p. : ill.(some col.) ; 25 cm aIncludes bibliographical references and index aAnimal models in research aEchinostomatidae aFried, Bernard aGraczyk, Thaddeus K